Al-Abrar

Bibliographic Details
Main Author: Hasanuddin Md.Isa
Format: Book
Published: Kuala Lumpur : Creative Enterprise Sdn.Bhd , 1995
Series:Novel Creative
Subjects:

MARC

LEADER 00000cam a2200000 7i4500
001 0000007432
002 000007991
005 20000330.0
020 |a 9838932396 
090 0 0 |a F   |b HAS 
100 0 |a Hasanuddin Md.Isa 
245 1 0 |a Al-Abrar   |c Hasanuddin Md.Isa 
260 |a Kuala Lumpur :   |b Creative Enterprise Sdn.Bhd ,   |c 1995 
300 |a 334p. ;   |c 18cm. 
490 0 |a Novel Creative 
650 0 0 |a Malay fiction 
999 |a 052133   |b BUKU   |c PINJAMAN   |e PERPUSTAKAAN KOMUNITI PETALING JAYA 
999 |a 052134   |b BUKU   |c PINJAMAN   |e PERPUSTAKAAN KOMUNITI PETALING JAYA